000 00255nam a22001097a 4500
008 231130b |||||||| |||| 00| 0 eng d
100 _aUday, Bhanu Singh
_97057
245 _aBhartiya Kavya Shastra
260 _bSamayik Pub
300 _a264p
942 _cBK
999 _c40426
_d40426